Challenge Typing #13: Numbers from 10-200 in 15 seconds - Statistics

General Stats
  • This quiz has been taken 393 times
  • The average score is 16 of 20
Answer Stats
Hint Answer % Correct
10 10
100%
20 20
99%
30 30
98%
40 40
97%
50 50
97%
60 60
97%
70 70
96%
80 80
95%
90 90
93%
100 100
90%
120 120
87%
110 110
86%
130 130
83%
140 140
77%
150 150
71%
160 160
65%
170 170
58%
180 180
53%
190 190
46%
200 200
46%
No matching quizzes found
Score Distribution
Percent of People with Each Score
Percentile by Number Answered
Your Score History
You have not taken this quiz